00888nam a2200205 a 450000100100000000500170001000800410002704000250006808200190009310000340011224501970014626000360034330000210037950000520040065000580045265000430051065000390055365000340059271000560062600003146720260424111843.0110627s1976 dr r 000 0 spa d aDO-SdBNPbspacBNPHU a340.153bR175j1 aRamos Fernández, César A.10aJurisprudencia :brecopilación de artículos publicados sobre diversos temas jurídicos y comentarios de algunas decisiones de la Suprema Corte de Justicia /cCésar A. Ramos Fernández. aSanto Domingo :b[s.n.],c1976. a194 p. ;c22 cm. aIncluye índice del Código Civil Dominicano. 0aJurisprudencia, xRecopilaciones, repertorios, etc.  4aJurisprudenciazRepública Dominicana 4aSentenciaszRepública Dominicana 4aLeyeszRepública Dominicana2 aRepública Dominicana.bSuprema Corte de Justicia.